000 008440000a22003250004500
082 _a337.172
_bN812
518 _a2008-07-13
530 _aM
245 _aNorth-South: a program for survival; the report of the independent commission on international development issues under the chairmanship of Willy Brandt
020 _a0-262-52059-1
260 _aKathmandu
_bEkta, Nepal
260 _c1980
300 _a304p.
041 _aEng
440 _aWorld affairs economics
650 _aEconomic relations
650 _aEconomic policy
650 _aDevelopment
650 _aHunger
650 _aFood
650 _aDisarmament
650 _aTrade
650 _aEnergy
650 _aIndustrialization
650 _aInvestment
650 _aTechnology
650 _aFinance
005 20120907085301.0
942 _cGEN
999 _c45003
_d45003